000
00289nam a2200121Ia 4500
008
190216s9999||||xx |||||||||||||| ||und||
100
_a
Edwin H Colbert
245
0
_a
Evolution Of The Vertebrates
260
_b
Wiley Eastern Ltd
_c
1976
300
_a
535p
650
_a
Zoology
942
_c
BK
999
_c
37360
_d
37360